Quiz sur l'Aveyron - Statistiques

Statistiques générales
  • Ce quiz a été pris 887 fois
  • Le résultat moyen est 15 sur 20
Statistiques - réponses
Question % Correct
Numéro du département 12
99%
Région Occitanie
98%
Préfecture et plus grande ville Rodez
96%
Sous-préfectures Millau
89%
Tarn
85%
Lozère
83%
Infrastructure de 2 460 mètres de long et 343 mètres de haut, cumulant de nombreux records. Viaduc de Millau
83%
Lot
82%
Départements limitrophes Cantal
79%
Hérault
77%
Fromage de brebis à pate persillé du département, le premier à avoir reçu une appellation d'origine. Roquefort
76%
Massif montagneux s'étendant sur l'ensemble du département. Massif Central
73%
Tarn-et-Garonne
72%
Gentilé Aveyronnais
70%
Villefranche-de-Rouergue
65%
Gard
62%
Ancienne commune française considérée comme une étape majeure sur le chemin de Saint-Jacques-de-Compostelle et labélisée parmi les Plus beaux villages de France. Conques
58%
Parc naturel régional de l'Aubrac
56%
Nombre d'habitants (arrondi à la dizaine de milliers d'habitants) 280 000 (279 274)
37%
Parcs naturels régionaux situés dans le département Parc naturel régional des Grands Causses
28%
Aucun quiz correspondant
Distribution des résultats
% des personnes avec chaque résultat
Percentile par nombre de réponses
Votre historique - résultats
Vous n’avez pas pris ce quiz